| 000 | 00663nam a2200181 a 4500 | ||
|---|---|---|---|
| 008 | 120416s1991 ||||||||||||||||| || u | ||
| 020 | _a0821318691 | ||
| 050 | _aIBRD(08)TP/141 | ||
| 100 | _aRiverson, John | ||
| 245 | 1 | 0 | _aRural roads in Sub-Saharan Africa: lessons from World Bank experience |
| 260 |
_aWashington, D.C. _bWorld Bank _c1991 |
||
| 300 | _axii, 48p. : ill. | ||
| 350 | _a0.00 | ||
| 490 | _aWorld Bank Technical Papers | ||
| 650 | _aRURAL ROADS--AFRICA, SUB-SAHARAN | ||
| 700 | _aThriscutt, Sydney | ||
| 995 |
_D0.00 _FCBU-MAIN LIBRARY (Kitwe) _H1 _I0.00 _UAVAILABLE _ZInternational Publications |
||
| 999 |
_c56841 _d56841 |
||